Casting your cares upon the Lord. (Record no. 12616)

000 -LEADER
fixed length control field 00771nam a2200217 a 4500
001 - CONTROL NUMBER
control field :::00010425$&:&@@
003 - CONTROL NUMBER IDENTIFIER
control field OkBaRHE
005 - DATE AND TIME OF LATEST TRANSACTION
control field 20011001163104.0
008 - FIXED-LENGTH DATA ELEMENTS--GENERAL INFORMATION
fixed length control field s1981 j 000 0 eng u
040 ## - CATALOGING SOURCE
Transcribing agency
100 1# - MAIN ENTRY--PERSONAL NAME
Personal name Hagin, Kenneth E., 1917-2003
245 10 - TITLE STATEMENT
Title Casting your cares upon the Lord.
260 ## - PUBLICATION, DISTRIBUTION, ETC. (IMPRINT)
Place of publication, distribution, etc Tulsa, OK., :
Name of publisher, distributor, etc RHEMA Bible Church
Date of publication, distribution, etc c1981
300 ## - PHYSICAL DESCRIPTION
Extent 26 p. ;
Dimensions 22 cm.
650 ## - SUBJECT ADDED ENTRY--TOPICAL TERM
Topical term or geographic name as entry element Christian Life
650 ## - SUBJECT ADDED ENTRY--TOPICAL TERM
Topical term or geographic name as entry element Faith
942 ## - ADDED ENTRY ELEMENTS (KOHA)
Source of classification or shelving scheme
Koha item type Books
Copies
Full call number Current Location Date checked out Total Checkouts Barcode Date last seen Withdrawn status Not for loan Price effective from Permanent Location Copy number Date acquired Source of classification or shelving scheme Koha item type Lost status Shelving location Damaged status
BV 4501 .H3   104252010-04-14  2010-04-14RHEMA Bible Training College12010-04-14 Books General Stacks 
BV 4501 .H3   215652010-04-14  2010-04-14RHEMA Bible Training College32010-04-14 Books General Stacks 
BV 4501 .H3RHEMA Bible Training College2011-10-291146502011-11-09  2010-04-14RHEMA Bible Training College22010-04-14 Books General Stacks